[Event "Open"]
[Site "Winterthur SUI"]
[Date "2006.10.12"]
[Round "7"]
[White "Miezis,N"]
[Black "Filipovic,Br"]
[Result "0-1"]
[WhiteElo "2529"]
[BlackElo "2400"]

1.c4 b6 2.Nc3 e6 3.e4 Bb7 4.Nge2 Nf6 5.Ng3 c5 6.Be2 h5 7.h4 Nc6 8.d3 g6 9.Bg5 Be7
10.Qd2 a6 11.f4 Ng4 12.Bxe7 Qxe7 13.Bf3 Nd4 14.Nge2 d6 15.Nxd4 cxd4 16.Nd1 e5
17.fxe5 Nxe5 18.Nf2 d5 19.cxd5 Bxd5 20.Be2 Be6 21.a3 O-O 22.Qf4 f6 23.O-O Rac8
24.Rac1 Kg7 25.Rxc8 Rxc8 26.Rc1 Rxc1+ 27.Qxc1 Qc5 28.Qd2 a5 29.Bd1 Qc7 30.Be2 Bc8
31.Bd1 Be6 32.Be2 Nf7 33.Nh1 Nh6 34.Bf3 Bg4 35.Qf2 Qc1+ 36.Kh2 Qf4+ 37.Kg1 Qc1+
38.Kh2 Qf4+ 39.Kg1 Bxf3 40.gxf3 Nf7 41.Ng3 Ne5 42.Ne2 Qxf3 43.Qxf3 Nxf3+
44.Kf2 Ne5 45.Nc1 g5 46.Kg3 Kg6 47.b3 f5 48.exf5+ Kxf5 49.Ne2 Nc6 50.Kh3 b5
51.Kg3 a4 52.bxa4 bxa4 53.hxg5 Kxg5 54.Kf3 h4 55.Ke4 Kg4 56.Ng1 Kg3 57.Ne2+ Kg4
58.Ng1 Na7 59.Kxd4 Nb5+ 60.Kc4 Nxa3+ 61.Kb4 Nb5 62.Kxa4 Nd4 63.Kb4 Kg3 64.Kc4 Kg2  0-1

[Event "70th Jubilee"]
[Site "Obro DEN"]
[Date "2006.10.14"]
[Round "1"]
[White "Petersen,N"]
[Black "Mikkelsen,N"]
[Result "0-1"]
[WhiteElo "2013"]
[BlackElo "2260"]

1.c4 b6 2.e4 e6 3.d4 Bb7 4.d5 Nf6 5.Nc3 Bb4 6.Bd3 Qe7 7.Ne2 exd5 8.exd5 c6
9.dxc6 dxc6 10.O-O O-O 11.Qc2 Nbd7 12.Bg5 h6 13.Bh4 Rad8 14.Ne4 g5 15.Nxf6+ Qxf6
16.Bg3 Rfe8 17.a3 Bf8 18.Rad1 c5 19.f3 Ne5 20.Be4 Bxe4 21.fxe4 Rxd1 22.Rxd1 Ng4
23.e5 Nxe5 24.h3 Qe6 25.Bxe5 Qxe5 26.Rd2 Qe3+ 27.Kf1 Bg7 28.Rd3 Qe4 29.b4 Qf5+
30.Kg1 Bd4+ 31.Nxd4 Re1+ 32.Kh2 cxd4 33.Rd2 Qf4+ 34.g3 Qf1  0-1

[Event "TCh-BEL 2006-7"]
[Site "Belgium BEL"]
[Date "2006.10.22"]
[Round "2"]
[White "Deleyn,G"]
[Black "Jens,J"]
[Result "0-1"]
[WhiteElo "2300"]
[BlackElo "2369"]

1.c4 b6 2.b3 Bb7 3.Bb2 e6 4.Nf3 c5 5.e3 Nf6 6.Be2 Be7 7.O-O O-O 8.Nc3 Nc6
9.Rc1 d5 10.cxd5 Nxd5 11.Qc2 Rc8 12.Qb1 Qd7 13.Rfd1 Rfd8 14.Bd3 Nf6 15.Bf1 Qc7
16.h3 Qb8 17.Ba1 Rd7 18.a3 Rcd8 19.d3 h6 20.Na2 Nd5 21.e4 Nf4 22.b4 e5 23.bxc5 Bxc5
24.Nb4 Nd4 25.Bxd4 Bxd4 26.Qb3 Bc5 27.Qc3 Bd4 28.Nxd4 Rxd4 29.Nc2 R4d7 30.Ne3 Ba6
31.Ng4 f6 32.g3 Nxd3 33.Rc2 Qb7 34.Bg2 Nc5 35.Rd5 Bd3 36.Rd2 Rxd5 37.exd5 Be4
38.Qc4 Bxg2 39.Kxg2 Qa6 40.Qc2 Qb7 41.Qg6 Kf8 42.Nxf6 gxf6 43.Qxf6+ Ke8 44.Qxe5+ Kd7
45.f3 Kc8 46.h4 Qf7 47.Qd4 Kb7 48.Qc4 Re8 49.Qg4 Re3 50.d6 Kc6 51.Qc8+ Kb5
52.Rb2+ Ka5 53.Qc6 Ka6 54.a4 Rd3 55.a5 Rb3 56.Ra2 Rxf3 57.Qc8+ Kb5  0-1

[Event "14th Chigorin Mem"]
[Site "St-Petersburg RUS"]
[Date "2006.10.27"]
[Round "6"]
[White "Davydov,S1"]
[Black "Hammer,J"]
[Result "1-0"]
[WhiteElo "2301"]
[BlackElo "2380"]

1.c4 b6 2.d4 Bb7 3.Nc3 e6 4.e4 Bb4 5.Bd3 f5 6.d5 fxe4 7.Bxe4 Qh4 8.Qe2 Nf6
9.Bf3 Ba6 10.dxe6 d5 11.Qd2 Qxc4 12.Nge2 Ne4 13.Bxe4 dxe4 14.a3 Bc5 15.Qd5 Qxd5
16.Nxd5 Bd6 17.Bf4 Bc4 18.Nxc7+ Bxc7 19.Bxc7 Bxe6 20.Ng3 Na6 21.Be5 O-O 22.O-O Rfe8
23.Bc3 Bf7 24.Rfe1 Bg6 25.h4 h6 26.Rad1 Re7 27.Rd6 Kf7 28.Re3 Nc7 29.Bb4 Na6
30.Rxg6 Nxb4 31.Rxg7+ Kxg7 32.Nf5+ Kf7 33.Nxe7 Nd3 34.Nf5 Nxb2 35.Rxe4 h5
36.Ng3 Rc8 37.Rd4 Ke6 38.Nxh5 Rc1+ 39.Kh2 Rc4 40.Rd2 Rxh4+ 41.Kg3 Rxh5 42.Rxb2 Rc5
43.Rb3 b5 44.f4 a5 45.Kf3 Kf6 46.g4 a4 47.Re3 Rc1 48.g5+ Kf7 49.Re5 Rc3+
50.Kg4 Rxa3 51.Rxb5 Rb3 52.Ra5 Rb4 53.Kf5 Kg7 54.Ra7+ Kg8 55.g6 Kf8 56.Kg5 Kg8
57.f5 Rb5 58.Rxa4 Kg7 59.Ra7+ Kf8 60.g7+ Kg8 61.Kg6 Rb6+ 62.f6 Rb7 63.Ra8+  1-0

[Event "British Rapidplay"]
[Site "Halifax ENG"]
[Date "2006.11.04"]
[Round "6"]
[White "Kostic,Mis"]
[Black "Buckley,G"]
[Result "1-0"]
[WhiteElo "2222"]
[BlackElo "2375"]

1.c4 b6 2.Nc3 Bb7 3.Nf3 e6 4.g3 Bxf3 5.exf3 c5 6.d4 cxd4 7.Qxd4 Nc6 8.Qf4 Nh6
9.Bg2 Nf5 10.O-O Be7 11.b3 O-O 12.Bb2 Bf6 13.Rad1 Qe7 14.Rfe1 Bd4 15.Qd2 Qb4
16.f4 Rac8 17.Qd3 a6 18.g4 Nh4 19.Re4 Bc5 20.Ne2 f5 21.a3 fxe4 22.Bxe4 Qa5
23.Qxd7 Bxf2+ 24.Kxf2 Qg5 25.Kg3 Qh6 26.g5 Nb8 27.Qxc8 Qh5 28.Qxe6+ Kh8 29.Qg4 Qe8
30.Be5 Ng6 31.Qh5 Kg8 32.Rd6 Rxf4 33.Bxf4 Qxe4 34.Rd8+ Kf7 35.Qf3 Qxf3+ 36.Kxf3 Nc6
37.Rd6 Nce7 38.Rxb6 Nf5 39.Rxa6 Nfh4+ 40.Kg4 Ng2 41.Bd2 Ne5+ 42.Kg3 Nd7 43.Ra7 Ke6
44.Rxd7  1-0

[Event "TCh-BEL 2006-7"]
[Site "Belgium BEL"]
[Date "2006.11.05"]
[Round "3"]
[White "Abolianin,A"]
[Black "Verduyn,F"]
[Result "0-1"]
[WhiteElo "2380"]
[BlackElo "2237"]

1.c4 b6 2.Nc3 Bb7 3.e4 e6 4.Nf3 Bb4 5.Bd3 Ne7 6.O-O Ng6 7.Re1 O-O 8.a3 Bxc3
9.dxc3 e5 10.Bg5 f6 11.Be3 d6 12.b4 c5 13.Nd2 Qe7 14.g3 Nc6 15.Qh5 Qf7 16.Rad1 Rad8
17.Nf1 Nce7 18.Rd2 Kh8 19.Red1 f5 20.f3 f4 21.gxf4 exf4 22.Bf2 Ne5 23.Qxf7 Nxf7
24.Be2 Ng6 25.Rb2 Bc8 26.h4 Nge5 27.Nd2 Be6 28.Kh2 g5 29.hxg5 Rg8 30.Rg1 Rg6
31.Kg2 Rxg5+ 32.Kf1 Bh3+ 33.Ke1 Rxg1+ 34.Bxg1 Rg8 35.Bh2 Ng6 36.a4 Nfe5 37.a5 bxa5
38.bxc5 dxc5 39.Rb5 a4 40.Rxc5 Rb8 41.Bg1 Rc8 42.Ra5 Nc6 43.Rxa4 a5 44.c5 Be6
45.Nc4 h5 46.Nb6 Rg8 47.Nd5 h4 48.Bh2 h3 49.Ra1 Rd8 50.c4 Rb8 51.Nc7 Bf7
52.Nb5 Nce5 53.Nd6 Be6 54.Bg1 Nh4 55.Bd4 Ng6 56.Kd2 Kh7 57.Kc2 Nc6 58.Bc3 a4
59.Rxa4 Rb1 60.Kxb1 h2 61.Ne8 h1=Q+ 62.Kc2 Qg2 63.Kd1 Qg1+ 64.Kc2 Qxc5 65.Nf6+ Kh6
66.Ra1 Nd4+ 67.Bxd4 Qxd4 68.Rh1+ Kg7 69.Nd5 Bxd5 70.cxd5 Qf2 71.Kd1 Ne5 72.Rf1 Qe3
73.Ba6 Nxf3 74.Kc2 Qxe4+ 75.Bd3 Qxd5 76.Rb1 Nd4+ 77.Kd2 f3 78.Rg1+ Kf6 79.Rg6+ Kf7
80.Rg1 Ne6 81.Ke3 f2 82.Bg6+ Kf6 83.Kxf2 Qd2+ 84.Kf3 Ng5+ 85.Rxg5 Kxg5 86.Bh7 Qf4+
87.Ke2 Qg3 88.Kd1 Qf2 89.Bd3 Kf4 90.Kc1 Ke3 91.Bc2 Qd2+ 92.Kb1 Kd4 93.Kb2 Qc3+
94.Kb1 Qb4+ 95.Kc1 Kc3 96.Kd1 Qb2  0-1

[Event "TCh-ROM Divizia A Masculin"]
[Site "Predeal ROM"]
[Date "2006.11.06"]
[Round "3"]
[White "Bach,A"]
[Black "Mateuta,G"]
[Result "0-1"]
[WhiteElo "2274"]
[BlackElo "2468"]

1.c4 b6 2.e4 Bb7 3.Nc3 e6 4.Nf3 Bb4 5.Bd3 Ne7 6.a3 Bxc3 7.dxc3 d6 8.O-O Nd7
9.Bc2 O-O 10.Ng5 e5 11.f4 h6 12.Nh3 exf4 13.Nxf4 Ne5 14.Nh5 N7g6 15.g3 Bc8
16.Rf5 Ne7 17.Rf4 Be6 18.b3 Qd7 19.Rf5 Nxf5 20.exf5 Bxf5 21.Bxh6 Bg4 22.Bxg7 Bxd1
23.Rxd1 Qg4 24.Bxe5 Qxh5 25.Bf6 Rfe8  0-1

[Event "1st Magistral Endesa"]
[Site "Santiago CHI"]
[Date "2006.11.18"]
[Round "2"]
[White "Lobos,M"]
[Black "Vasquez,R"]
[Result "1/2-1/2"]
[WhiteElo "2368"]
[BlackElo "2519"]

1.c4 b6 2.Nc3 c5 3.e4 Bb7 4.g3 g6 5.Bg2 Bg7 6.Nge2 Nc6 7.d3 e6 8.d4 cxd4
9.Nb5 e5 10.Nd6+ Ke7 11.Nb5 a6 12.Na3 d6 13.O-O f6 14.Nc2 Nh6 15.Ne1 Rf8
16.b3 Kf7 17.Ba3 Kg8 18.Nd3 Kh8 19.Qd2 Ra7 20.Nb4 Nxb4 21.Qxb4 Nf7 22.Nc1 a5
23.Qe1 f5 24.Nd3 Ng5 25.f3 fxe4 26.fxe4 Rxf1+ 27.Kxf1 Bc6 28.Qe2 Bf8 29.Kg1 Qa8
30.Rf1 Be7 31.Re1 Kg7 32.h4 Nf7 33.Rf1 Qe8 34.Qf3 Bd7 35.Qf2 Be6 36.Bb2 Kg8
37.Nf4 exf4 38.Qxd4 Bf8 39.Qxb6 Ra8 40.gxf4 Bg7 41.Bxg7 Kxg7 42.Qd4+ Kg8
43.f5 Bd7 44.fxg6 hxg6 45.e5 dxe5 46.Qb6 Bf5 47.Bxa8 Qxa8 48.h5 Qe4 49.hxg6 Qg4+
50.Kf2 Qf4+ 51.Ke1 Qc1+ 52.Kf2 Qd2+ 53.Kg1 Qg5+ 54.Kf2 Bxg6 55.Rg1 Qf5+ 56.Ke2 Kh7
57.Qe3 Nd6 58.Qa7+ Nf7 59.Qe3 a4 60.Rc1 axb3 61.axb3 Ng5 62.Qa7+ Kh6 63.Qe3 Kg7
64.Kd2 Nf3+ 65.Kc3 e4 66.b4 Qe5+ 67.Kb3 Bf7 68.Ka3 Nd4 69.Qc3 e3 70.Kb2 e2
71.b5 Qc5 72.Rg1+ Kf8 73.Rg4 Nf5 74.Qh8+ Ke7 75.Re4+ Kd7 76.Rxe2 Qb4+ 77.Kc1 Qxc4+
78.Rc2 Qf1+ 79.Kd2 Qf2+ 80.Kc1 Qe1+ 81.Kb2 Qb4+ 82.Kc1 Qf4+ 83.Kb2 Nd6 84.Qh3+ Ke7
85.Rc7+ Kf6 86.Qc3+ Kg6 87.Rc6 Kh7 88.Qd3+ Ne4 89.b6 Qf2+ 90.Kc1 Qe1+ 91.Kb2 Qf2+  1/2-1/2

[Event "19th Belgrade Trophy"]
[Site "Belgrade SRB"]
[Date "2006.11.28"]
[Round "7"]
[White "Trisic,D"]
[Black "Pucarevic,M"]
[Result "0-1"]
[WhiteElo "2068"]
[BlackElo "2228"]

1.c4 b6 2.Nf3 Bb7 3.Nc3 Nf6 4.g3 Bxf3 5.exf3 c5 6.Bg2 Nc6 7.O-O g6 8.b3 Bg7
9.Bb2 O-O 10.f4 Rc8 11.Ne2 e6 12.d4 Ne8 13.Qd2 Qf6 14.Rfd1 Nxd4 15.Nxd4 cxd4
16.Qb4 Qf5 17.Bxd4 Bxd4 18.Rxd4 Nf6 19.Rad1 Rc5 20.h3 h5 21.Qd2 Rc7 22.Kh2 Rfc8
23.Bf1 Ne4 24.Qe3 Nc5 25.b4 Na6 26.a3 Nb8 27.Be2 Qf6 28.g4 hxg4 29.hxg4 Kg7
30.g5 Rh8+ 31.Kg3 Qd8 32.Qe5+ Kg8 33.Bf3 Rc8 34.Bb7 Rc7 35.Be4 Qc8 36.Qf6 d5
37.Bf3 Nd7 38.Qe7 Ne5 39.Qf6 Nd7 40.Qe7 Nf8 41.Qf6 Nd7 42.Qe7 Nf8 43.Qf6 Rxc4
44.Rxc4 Qxc4 45.Qb2 Qc7 46.Rc1 Qd6 47.Qf6 Qd7 48.Qe5 f6 49.gxf6 Rh7 50.Bg4 Rf7
51.f3 d4 52.Rc4 Qd8 53.Rxd4 Qxf6 54.Qxf6 Rxf6 55.Rd8 Kg7 56.Ra8 Rf7 57.Bh3 Kf6
58.Bf1  0-1

[Event "90th ch-Marshall CC"]
[Site "New York USA"]
[Date "2006.12.03"]
[Round "4"]
[White "Frumkin,E"]
[Black "Jacobs,John"]
[Result "0-1"]
[WhiteElo "2036"]
[BlackElo "2300"]

1.c4 b6 2.b3 Bb7 3.Bb2 e6 4.e3 f5 5.Nf3 Nf6 6.Be2 Be7 7.O-O O-O 8.Nc3 Qe8
9.d4 Qg6 10.a3 a5 11.Qc2 Na6 12.Rad1 Rae8 13.d5 Nc5 14.Rd2 Nce4 15.Nxe4 Nxe4
16.Rdd1 Bd6 17.Ne5 Bxe5 18.Bxe5 exd5 19.Bxc7 Nc3 20.Bf3 Nxd1 21.Rxd1 Rc8
22.Bf4 Qe6 23.Qd2 Rf7 24.Bxd5 Bxd5 25.Qxd5 Qxd5 26.Rxd5 a4 27.Rb5 axb3 28.Rxb3 Rxc4
29.h3 Rc6 30.Be5 Re7 31.Bd4 Ree6 32.f4 Rc2 33.Bxb6 Rg6 34.g4 fxg4 35.h4 g3
36.Bd8 Rd6  0-1

[Event "90th ch-Marshall CC"]
[Site "New York USA"]
[Date "2006.12.03"]
[Round "5"]
[White "Bonin,J"]
[Black "Jacobs,Jon"]
[Result "1-0"]
[WhiteElo "2310"]
[BlackElo "2294"]

1.c4 b6 2.d4 Bb7 3.Nc3 e6 4.a3 f5 5.d5 Nf6 6.Nf3 Na6 7.g3 Nc5 8.Bg2 Nce4
9.Nxe4 fxe4 10.Ng5 exd5 11.cxd5 Bxd5 12.Qc2 Qe7 13.Qxc7 h6 14.Nh3 Bc6 15.Bf4 g5
16.Rc1 Nd5 17.Qe5 gxf4 18.Qxh8 f3 19.Bf1 Nf6 20.Nf4 Kf7 21.Rxc6 dxc6 22.Bh3 Rd8
23.exf3 exf3+ 24.Be6+ Qxe6+ 25.Nxe6 Kxe6 26.O-O Kf7 27.Re1 Rd2 28.b4 c5 29.h3 cxb4
30.axb4 Bxb4 31.Qxh6 Re2 32.Rc1 Bc5 33.Rxc5 bxc5 34.Qf4 Ke6 35.Qxf3 Re5 36.Qc6+ Ke7
37.f4 Re1+ 38.Kg2 Rc1 39.g4 Rc2+ 40.Kg3 a5 41.g5 Rc3+ 42.Kh4 Nd7 43.f5 Rc4+
44.Kh5 Rd4 45.f6+ Kd8 46.g6 Rf4 47.g7 Nxf6+ 48.Kg5 Rf2 49.Qxf6+ Rxf6 50.Kxf6  1-0

[Event "Open"]
[Site "Granada ESP"]
[Date "2006.12.08"]
[Round "7"]
[White "Campora,D"]
[Black "Barrero Garcia,C"]
[Result "1-0"]
[WhiteElo "2530"]
[BlackElo "2313"]

1.c4 b6 2.d4 e6 3.Nc3 Bb7 4.a3 Nf6 5.Nf3 d5 6.cxd5 Nxd5 7.e3 Be7 8.Bb5+ c6
9.Bd3 O-O 10.O-O Nxc3 11.bxc3 c5 12.Qe2 Nc6 13.Bb2 cxd4 14.cxd4 Rc8 15.Rad1 Na5
16.e4 Bf6 17.h4 Bxh4 18.d5 exd5 19.exd5 Re8 20.Ne5 f6 21.Qh5 fxe5 22.Bxh7+ Kf8
23.f4 e4 24.Bg6  1-0

[Event "44th National A ch-IND"]
[Site "Atul IND"]
[Date "2006.12.23"]
[Round "7"]
[White "Koshy,V"]
[Black "Thejkumar,M"]
[Result "1/2-1/2"]
[WhiteElo "2325"]
[BlackElo "2322"]

1.c4 b6 2.Nc3 Bb7 3.e4 c5 4.Nf3 e6 5.d4 cxd4 6.Nxd4 d6 7.Be2 Nf6 8.f3 a6
9.O-O Nbd7 10.Be3 Qc7 11.Qd2 Be7 12.Rac1 O-O 13.Rfd1 Rac8 14.Nc2 Rfe8 15.Bf1 Qb8
16.Na3 Bf8 17.Qf2 d5 18.cxd5 exd5 19.Nxd5 Nxd5 20.exd5 Rxc1 21.Rxc1 Bd6 22.g3 Bxd5
23.Nc4 Bxc4 24.Rxc4 a5 25.Bd4 Bc5 26.Bxc5 Nxc5 27.b4 axb4 28.Rxb4 Qa7 29.a4 Rd8
30.Rd4 Rxd4 31.Qxd4 Qc7 32.Qd5 Kf8 33.Kf2 Ne6 34.Bc4 Ke7 35.Ke3 Qc5+ 36.Qxc5+ Nxc5
37.Bb5 Kd6 38.Kd4 Ne6+ 39.Kc4 Nc7 40.h4 h6  1/2-1/2

[Event "Masters"]
[Site "Singapore SIN"]
[Date "2006.12.27"]
[Round "4"]
[White "Bui Vinh"]
[Black "Meenakshi,S1"]
[Result "1-0"]
[WhiteElo "2485"]
[BlackElo "2325"]

1.c4 b6 2.e4 Bb7 3.Nc3 c5 4.Nf3 Nc6 5.d4 cxd4 6.Nxd4 d6 7.Be2 Nf6 8.O-O g6
9.Nc2 Bg7 10.Bg5 O-O 11.f3 Rc8 12.Qd2 Qd7 13.Rac1 Rfd8 14.Ne3 Qe8 15.Rfd1 h6
16.Bh4 Kh7 17.Kh1 Qh8 18.b3 Re8 19.f4 Red8 20.Bf3 Qe8 21.Ncd5 Nd4 22.Nxf6+ Bxf6
23.Bg4 Ne6 24.Bxf6 exf6 25.f5 Nc5 26.fxg6+ fxg6 27.Bxc8 Nxe4 28.Qe1 Rxc8
29.Nd5 Kg7 30.Nc3 Qe5 31.Nxe4 Bxe4 32.Rd2 f5 33.Qg3 Re8 34.Rxd6 Bxg2+ 35.Kxg2 Qe2+
36.Kg1 g5 37.Qc3+  1-0

[Event "27th Open A"]
[Site "Bethune FRA"]
[Date "2006.12.28"]
[Round "6"]
[White "Foisor,C"]
[Black "Jossien,A"]
[Result "0-1"]
[WhiteElo "2401"]
[BlackElo "2322"]

1.c4 b6 2.d4 e6 3.a3 Bb7 4.Nc3 f5 5.d5 Nf6 6.Nh3 Bd6 7.g3 O-O 8.Bg2 Na6 9.O-O Nc5
10.Nf4 Qe7 11.Qc2 a5 12.Nb5 Be5 13.Be3 c6 14.dxc6 Bxc6 15.Nd3 Bb8 16.Rad1 Rc8
17.Nxc5 bxc5 18.Bg5 d5 19.a4 d4 20.Bxc6 Rxc6 21.e3 dxe3 22.fxe3 h6 23.Bxf6 Qxf6
24.Qg2 Rca6 25.Rd3 Be5 26.Rfd1 Rf8 27.b3 h5 28.Kh1 h4 29.gxh4 Qxh4 30.Rg1 Rf7
31.Rd2 Rb6 32.Rf1 Rf6 33.Qf2 Qh3 34.Qf3 Rh6 35.Qxh3 Rxh3 36.Re2 g5 37.Rd1 Kf7
38.Rd7+ Kf6 39.Kg1 Rb8 40.Rdd2 g4 41.Kf1 Rbh8 42.Rc2 Bxh2 43.Rg2 Be5 44.Rcf2 Rxe3
45.Rxg4 Rxb3 46.Rgg2 Rh1+ 47.Ke2 Bg3 48.Rxg3 Rxg3 49.Nd6 Ra3 50.Ne4+ Ke5
51.Nxc5 Ra2+ 52.Ke3 Rh3+  0-1

[Event "27th Open A"]
[Site "Bethune FRA"]
[Date "2006.12.30"]
[Round "9"]
[White "Soyez,C"]
[Black "Foisor,C"]
[Result "1/2-1/2"]
[WhiteElo "2096"]
[BlackElo "2401"]

1.c4 b6 2.Nc3 Bb7 3.e4 c5 4.g3 Nc6 5.Bg2 g6 6.d3 Bg7 7.Nge2 d6 8.Be3 Nf6
9.h3 Nd7 10.O-O O-O 11.Qd2 Nd4 12.Bh6 Ne5 13.Nxd4 cxd4 14.Bxg7 Kxg7 15.Ne2 Nc6
16.f4 e5 17.f5 f6 18.fxg6 hxg6 19.g4 Rf7 20.Ng3 Qh8 21.g5 Qh4 22.gxf6+ Kh8
23.Rf3 Raf8 24.Raf1 Bc8 25.Nh1 Nd8 26.Qf2 Qxf2+ 27.Nxf2 Ne6 28.h4 Nf4 29.Rd1 Rxf6
30.Kh2 Kg7 31.Bh3 Bb7 32.Bg4 Rh8 33.Kg3 Rff8 34.Rd2 Bc6 35.Nh3 Nxh3 36.Rxf8 Rxf8
37.Bxh3 b5 38.b3 bxc4 39.bxc4 Rb8 40.Bg4 a5 41.c5 dxc5 42.Rc2 Rb5 43.a4 Rb3
44.Rxc5 Rxd3+ 45.Kf2 Rd2+ 46.Ke1 Rg2 47.Bf3 Ra2 48.Rxc6 Rxa4 49.Re6 Ra3 50.Kf2 Ra2+
51.Kg3 a4 52.Rxe5 a3 53.Ra5 d3 54.Kf4 Ra1 55.Ke3 a2 56.Kxd3 Rf1 57.Rxa2 Rxf3+
58.Kd4 Rh3 59.Ra7+ Kh6 60.Kd5 Rxh4 61.e5 Rh1 62.e6 Rd1+ 63.Kc6 g5 64.e7 Re1
65.Kd7 Kh5 66.e8=Q+ Rxe8 67.Kxe8 g4 68.Kf7 g3 69.Kf6 Kg4 70.Ke5 g2 71.Ke4 Kg3
72.Rg7+ Kf2 73.Rf7+ Ke2 74.Rg7 Kf2 75.Rxg2+ Kxg2  1/2-1/2

[Event "Hilton Open"]
[Site "Basel SUI"]
[Date "2007.01.01"]
[Round "1"]
[White "Maeder,J"]
[Black "Peredy,F"]
[Result "0-1"]
[WhiteElo "1989"]
[BlackElo "2311"]

1.c4 b6 2.Nc3 Bb7 3.e4 e6 4.d4 Bb4 5.Qd3 Qh4 6.d5 Nf6 7.e5 Qe4+ 8.Qxe4 Nxe4
9.Bd2 Bxc3 10.bxc3 exd5 11.f3 Nxd2 12.Kxd2 dxc4 13.Bxc4 Nc6 14.Re1 O-O 15.Nh3 Rae8
16.Bd5 Na5 17.Bxb7 Nxb7 18.f4 Re6 19.Re3 Rfe8 20.Rhe1 h6 21.f5 Rc6 22.Nf4 Na5
23.Kc2 Nc4 24.Re4 b5 25.Nd3 Kf8 26.g4 a5 27.Nb2 Nxb2 28.Kxb2 Rc5 29.a3 Rd5
30.Kc2 c6 31.R1e2 Re7 32.R2e3 Ke8 33.h4 Kd8 34.c4 bxc4 35.Kc3 Kc7 36.Kxc4 Re8
37.g5 hxg5 38.hxg5 g6 39.f6 Rh8 40.Rd4 Rxd4+ 41.Kxd4 Rh4+ 42.Re4 c5+ 43.Kd5 Rxe4
44.Kxe4 Kc6 45.a4 d5+ 46.exd6 Kxd6 47.Kd3 Kd5 48.Kc3 c4  0-1

[Event "Petrovskaya Ladya GM"]
[Site "Peterhof RUS"]
[Date "2007.01.06"]
[Round "5"]
[White "Timofeev,An"]
[Black "Makarov,M"]
[Result "1/2-1/2"]
[WhiteElo "2335"]
[BlackElo "2516"]

1.c4 b6 2.Nc3 Bb7 3.Nf3 Nf6 4.d4 e6 5.e3 Bb4 6.Bd2 O-O 7.Bd3 d5 8.cxd5 exd5
9.O-O Nbd7 10.Rc1 a6 11.Ne2 Bd6 12.Ng3 g6 13.Re1 Ne4 14.Qb3 Nxd2 15.Nxd2 Nf6
16.Be2 h5 17.f4 h4 18.Ngf1 Kg7 19.Nf3 Ne4 20.Red1 Qe7  1/2-1/2

[Event "ch-NZL 2006-7"]
[Site "Wanganui NZL"]
[Date "2007.01.11"]
[Round "10"]
[White "Stuart,P"]
[Black "Smith,Ro"]
[Result "1/2-1/2"]
[WhiteElo "2139"]
[BlackElo "2293"]

1.c4 b6 2.Nc3 Bb7 3.e4 e6 4.Nge2 c5 5.d3 d6 6.g3 Nf6 7.Bg2 Be7 8.O-O Qd7
9.h3 O-O 10.f4 Nc6 11.Be3 Rfd8 12.g4 Ne8 13.g5 Rab8 14.h4 a6 15.Bh3 b5 16.b3 Bf8
17.f5 e5 18.Nd5 Nd4 19.Kh2 Bxd5 20.cxd5 b4 21.Bxd4  1/2-1/2

[Event "75th Ambelokipi Open"]
[Site "Athens GRE"]
[Date "2007.01.17"]
[Round "2"]
[White "Michailidis,D"]
[Black "Khetsuriani,B"]
[Result "0-1"]
[WhiteElo "1980"]
[BlackElo "2361"]

1.c4 b6 2.b3 Bb7 3.Bb2 Nf6 4.e3 e6 5.Nf3 d5 6.Nc3 a6 7.cxd5 exd5 8.d4 Nbd7
9.Bd3 Bd6 10.O-O O-O 11.Rc1 Qe7 12.Ne2 Ne4 13.Ng3 g6 14.Qe2 Rfe8 15.Rc2 c6
16.Rfc1 a5 17.Nf1 a4 18.Ng3 axb3 19.axb3 Ra2 20.Bxe4 dxe4 21.Nd2 Ba6 22.Qg4 Nf6
23.Qg5 Bxg3 24.hxg3 Bd3 25.Nc4 Bxc2 26.Rxc2 Nd5 27.Qg4 Nb4 28.Rd2 Nd3 29.Ba3 Rxa3
30.Nxa3 Qxa3 31.Qd7  0-1

[Event "TCh-BEL 2006-7"]
[Site "Belgium BEL"]
[Date "2007.03.11"]
[Round "10"]
[White "Hugaert,A"]
[Black "Verduyn,F"]
[Result "1-0"]
[WhiteElo "2034"]
[BlackElo "2237"]

1.c4 b6 2.Nc3 Bb7 3.d4 e6 4.Nf3 f5 5.Bg5 Nf6 6.e3 Be7 7.Be2 O-O 8.O-O Ne4
9.Bxe7 Qxe7 10.Nxe4 Bxe4 11.Rc1 d6 12.b4 a5 13.a3 axb4 14.axb4 Nd7 15.Nd2 Bb7
16.Qb3 Rab8 17.Ra1 Nf6 18.Ra7 g5 19.Qc3 g4 20.Rc1 Qg7 21.c5 Nd5 22.Qb3 f4
23.e4 f3 24.exd5 fxe2 25.c6 Qxd4 26.Qe3 Qxe3 27.fxe3 Bc8 28.Re1 exd5 29.Rxe2 Rf7
30.e4 Be6 31.e5 dxe5 32.Rxe5 Re8 33.Nb3 Ref8 34.h3 Bf5 35.hxg4 Be4 36.Nd2 Bg6
37.Rxd5 Re8 38.Rd7 Ree7 39.Raxc7 Re1+ 40.Kh2 Re2 41.Rd8+ Kg7 42.Rcd7 Be4
43.Nxe4 Rxe4 44.Rxf7+ Kxf7 45.c7  1-0

[Event "9th Open"]
[Site "Dubai UAE"]
[Date "2007.04.23"]
[Round "2"]
[White "Sturua,Z"]
[Black "El Arousy,A"]
[Result "1-0"]
[WhiteElo "2513"]
[BlackElo "2314"]

1.c4 b6 2.Nc3 Bb7 3.d4 e6 4.a3 Nf6 5.d5 Be7 6.e4 d6 7.Nge2 O-O 8.g3 c5 9.Bg2 exd5
10.exd5 Nbd7 11.O-O Re8 12.h3 a6 13.b3 Bf8 14.a4 g6 15.Ra2 Bg7 16.f4 Nh5
17.Qd3 f5 18.g4 fxg4 19.hxg4 Nhf6 20.Bf3 g5 21.Ne4 Nxe4 22.Bxe4 Rxe4 23.Qxe4  1-0

[Event "25th Liechtenstein Open"]
[Site "Triesen LIE"]
[Date "2007.05.11"]
[Round "1"]
[White "Polzin,J"]
[Black "Nguyen,C"]
[Result "0-1"]
[WhiteElo "1973"]
[BlackElo "1769"]

1.c4 b6 2.d4 Bb7 3.Nc3 Nf6 4.Nf3 e6 5.e3 Bb4 6.Bd2 O-O 7.Be2 c5 8.O-O d6
9.a3 Bxc3 10.Bxc3 Ne4 11.Qc2 Nd7 12.Rfd1 Qe7 13.Nd2 Nxc3 14.Qxc3 e5 15.d5 e4
16.b4 f5 17.bxc5 Nxc5 18.a4 Nd7 19.a5 Ne5 20.axb6 axb6 21.Qd4 Nd7 22.Rxa8 Rxa8
23.Ra1 Qe5 24.Rxa8+ Bxa8 25.Nb3 Bb7 26.Qxe5 dxe5 27.Kf1 Kf8 28.Ke1 Ke7 29.Kd2 Kd6
30.Kc3 Nc5 31.Nc1 Bc8 32.Kb4 Bd7 33.Na2 Na6+ 34.Kc3 Kc5 35.Nc1 Ba4 36.Nb3+ Bxb3
37.Kxb3 Nc7 38.Ka4 Ne8 39.Bf1 Nd6 40.Be2 f4 41.exf4 exf4 42.Kb3 g6 43.g3 f3
44.Bf1 h5 45.Kc3 g5 46.h3 g4 47.hxg4 hxg4 48.Kb3 Nf5 49.Kc3 e3 50.fxe3 Nxe3  0-1

[Event "Enci Limburg Open"]
[Site "Maastricht NED"]
[Date "2007.05.26"]
[Round "2"]
[White "Zilverberg,J"]
[Black "Akstinat,S"]
[Result "0-1"]
[WhiteElo "2013"]
[BlackElo "2182"]

1.c4 b6 2.Nc3 Bb7 3.e4 e6 4.g3 f5 5.Bg2 Nf6 6.d3 Bb4 7.Ne2 a5 8.O-O Na6 9.Bg5 O-O
10.a3 Be7 11.Qd2 Nc5 12.e5 Bxg2 13.Kxg2 Ng4 14.Bxe7 Qxe7 15.Rab1 Nxe5 16.b4 axb4
17.axb4 Na4 18.f4 Nxc3 19.Nxc3 Ng4 20.Rfe1 Qd6 21.b5 Ra3 22.d4 Rfa8 23.Kg1 Nf6
24.Red1 h6 25.Kh1 Kh7 26.Re1 R8a5 27.Kg1 Qf8 28.Qc2 g5 29.Rbd1 Qb4 30.Nb1 Ra2
31.Qd3 Ne4 32.Re2 R5a4 33.Rc1 Qe7 34.Rxa2 Rxa2 35.Nc3 Qa3 36.Qe3 Ra1  0-1

[Event "XXII Felix Cup"]
[Site "Felix Spa ROM"]
[Date "2007.05.27"]
[Round "5"]
[White "Chiru,I"]
[Black "Olarasu,G"]
[Result "0-1"]
[WhiteElo "2115"]
[BlackElo "2274"]

1.c4 b6 2.d4 e6 3.e4 Bb7 4.Nc3 Bb4 5.Bd3 f5 6.Qe2 Nf6 7.d5 fxe4 8.Bxe4 Nxe4
9.Qxe4 O-O 10.Ne2 Re8 11.Qd4 Bxc3+ 12.bxc3 c5 13.Qd3 exd5 14.cxd5 Ba6 15.c4 Qh4
16.Be3 Bxc4 17.Qd2 Bxe2 18.Qxe2 Qb4+ 19.Kf1 d6 20.f3 Nd7 21.Kf2 Nf6 22.Rhd1 Re5  0-1

[Event "XXII Felix Cup"]
[Site "Felix Spa ROM"]
[Date "2007.05.28"]
[Round "6"]
[White "Grecescu,G"]
[Black "Szabo,G ROM"]
[Result "0-1"]
[WhiteElo "2348"]
[BlackElo "2512"]

1.c4 b6 2.Nf3 Bb7 3.e3 c5 4.b3 Nf6 5.Bb2 g6 6.Bxf6 exf6 7.Nc3 Bg7 8.Be2 f5
9.Rc1 O-O 10.O-O d6 11.Ne1 Nc6 12.Bf3 Qd7 13.Nd3 g5 14.Bd5 Ne7 15.Bxb7 Qxb7
16.Qh5 h6 17.h4 f6 18.f4 gxh4 19.Ne1 d5 20.cxd5 Nxd5 21.Qxf5 Ne7 22.Qe6+ Kh7
23.Nf3 f5 24.Nxh4 Rad8 25.Nf3 Nc6 26.Nb5 Rf6 27.Qc4 a6 28.Nc3 b5 29.Qe2 Nb4
30.d4 cxd4 31.Nxd4 Re8 32.a3 Rg6 33.Qd2 Rd8 34.Ncxb5 Nd5 35.Nxf5 Nxe3 36.Nbd6 Nxf5
37.Nxb7 Rxd2 38.Rfe1 Bd4+ 39.Kh1  0-1

[Event "III Perla Baltyku A"]
[Site "Mielno POL"]
[Date "2007.06.23"]
[Round "7"]
[White "Nowak,Ry"]
[Black "Just,W"]
[Result "1/2-1/2"]
[WhiteElo "2188"]
[BlackElo "2180"]

1.c4 b6 2.d4 e6 3.Nf3 Bb7 4.Nc3 Bb4 5.Bd2 Nf6 6.a3 Bxc3 7.Bxc3 Ne4 8.Rc1 d6
9.e3 Nd7 10.Bd3 O-O 11.O-O f5 12.Nd2 Nxc3 13.Rxc3 e5 14.f4 exd4 15.exd4 Qf6
16.d5 Rae8 17.Nf3 Nc5 18.Bc2 Re7 19.Qd4 Qg6 20.b4 Ne4 21.Re3 c5 22.Qb2 cxb4
23.axb4 Rc7 24.Bxe4 fxe4 25.Nd2 b5 26.Qd4 bxc4 27.Nxe4 Qf5 28.Nc3 a6 29.Qe4 Bc8
30.g3 Qf6 31.Rd1 Bf5 32.Qd4 Qxd4 33.Rxd4 Rb8 34.Na2 Bb1 35.Rd2 Bxa2 36.Rxa2 Rxb4
37.Rc3 Rb3 38.Rac2 Rxc3 39.Rxc3 Kf7 40.Kf2 Rc5 41.Kf3 Rxd5 42.Rxc4 Rc5 43.Rb4 Rb5
44.Rc4 a5 45.Rc7+ Kf6 46.g4 a4 47.Ra7 Rb3+ 48.Ke4 Rb4+ 49.Kf3 h6 50.h4 Rb3+
51.Ke4 a3 52.g5+ hxg5 53.hxg5+ Kg6 54.f5+ Kxg5 55.Rxg7+ Kf6 56.Ra7 Rb5 57.Ra6 Re5+
58.Kd4 Kxf5 59.Rxa3 Ke6 60.Rh3 Ra5 61.Rh6+ Kd7 62.Kd3 Ra4  1/2-1/2

[Event "ch-IRL"]
[Site "Dublin IRL"]
[Date "2007.07.05"]
[Round "6"]
[White "Brady,S"]
[Black "Rozentalis,E"]
[Result "0-1"]
[WhiteElo "2360"]
[BlackElo "2578"]

1.c4 b6 2.Nc3 Bb7 3.e4 e6 4.d3 d5 5.exd5 exd5 6.Nxd5 Bxd5 7.cxd5 Nf6 8.Be2 Bb4+
9.Bd2 Bxd2+ 10.Qxd2 Nxd5 11.Bf3 O-O 12.Ne2 Nc6 13.d4 Qd7 14.O-O Rad8 15.Rac1 Nce7
16.Rfd1 Rfe8 17.g3 Nf6 18.b4 Ned5 19.Nf4 Re7 20.Re1 Rxe1+ 21.Rxe1 h6 22.a3 Ne7
23.Qe3 Nf5 24.Qc3 Nxd4 25.Bg2 Qd6 26.Nd5 Nxd5 27.Qxd4 Nf6 28.Qc3 c5 29.bxc5 Qxc5
30.Qxc5 bxc5 31.Bf1 Kf8 32.Kg2 Rd2 33.Kf3 Rc2 34.a4 c4 35.h3 c3 36.Bb5 g5
37.g4 Nd5 38.Re8+ Kg7 39.Rc8 Rd2 40.Bc4 Nb6 41.Rc7 c2 42.Bxf7 Rd7  0-1

[Event "Open A"]
[Site "Oberwart AUT"]
[Date "2007.07.07"]
[Round "1"]
[White "Ermenkov,Evgenij"]
[Black "Gross,Mi"]
[Result "1-0"]
[WhiteElo "2499"]
[BlackElo "2075"]

1.c4 b6 2.Nc3 Bb7 3.e4 e5 4.Nf3 Nc6 5.d4 exd4 6.Nxd4 Bc5 7.Be3 Nxd4 8.Bxd4 Bxd4
9.Qxd4 Qf6 10.Qd2 Ne7 11.Rd1 O-O-O 12.Be2 h5 13.O-O g5 14.f4 g4 15.e5 Qc6
16.Nd5 Qc5+ 17.Kh1 Nxd5 18.cxd5 f6 19.b4 Qe7 20.Rc1 Kb8 21.Rxc7 fxe5 22.d6 Qh4
23.Rxb7+  1-0